Statistics for Guess the country based off its name in its language!

Click here to take the quiz!

General Stats

  • This quiz has been taken 41 times
  • The average score is 11 of 15

Answer Stats

HintAnswer% Correct
Deutschlandgermany
100%
Româniaromania
97%
Bosna i Hercegovinabosnia and herzegovina
95%
Latvijalatvia
95%
Slovenskoslovakia
84%
Českoczechia
82%
Íslandiceland
74%
Ελλάδαgreece
68%
Suomifinland
61%
Ayitihaiti
58%
Кыргызстанkyrgyzstan
55%
پاکستانpakistan
55%
नेपालnepal
53%
Hrvatskacroatia
50%
Shqiperiaalbania
47%

Score Distribution

Percentile by Number Answered

Percent of People with Each Score

Your Score History

You have not taken this quiz